Where are these Disney Channel shows set? - Statistics

General Stats
  • This quiz has been taken 82 times
  • The average score is 11 of 23
Answer Stats
Hint Answer % Correct
Jessie New York City
94%
Wizards of Waverly Place New York City
94%
Girl Meets World New York City
94%
Austin & Ally Miami
66%
Raven's Home Chicago
63%
Shake It Up Chicago
63%
Bizaardvark California
58%
Lab Rats Mission Creek
58%
K.C. Undercover Washington D.C.
58%
Cory in the House Washington D.C.
58%
Liv and Maddie Stevenspoint
54%
Lizzie McGuire Los Angeles
51%
The Suite Life of Zack & Cody Boston
49%
Sonny with a Chance Appleton
48%
Good Luck Charlie Denver
43%
Hannah Montana Malibu
40%
That's So Raven San Francisco
34%
A.N.T. Farm San Francisco
34%
Dog With a Blog Pasadena
17%
Stuck in the Middle Marshport
9%
Sydney to the Max Portland
9%
Best Friends Whenever Portland
9%
Kickin' it San Jose
2%
No matching quizzes found
Score Distribution
Percent of People with Each Score
Percentile by Number Answered
Your Score History
You have not taken this quiz